[Event "EU-ch U16 Girls"]
[Site "Batumi"]
[Date "2010.09.23"]
[Round "4"]
[White "Leks, Maria"]
[Black "Madoyan, Iolanta"]
[Result "1-0"]
[WhiteElo "2052"]
[BlackElo "1754"]
[PlyCount "59"]
[EventDate "2010.09.20"]
[EventType "swiss"]
[EventRounds "9"]
[EventCountry "GEO"]
[SourceTitle "CBM 138 Extra"]
[Source "ChessBase"]
[SourceDate "2010.10.29"]
[SourceVersion "1"]
[SourceVersionDate "2010.10.29"]
[SourceQuality "1"]

1. e4 e6 2. d4 d5 3. e5 c5 4. Nf3 Nc6 5. Bd3 Qb6 6. 0-0 cxd4 7. Nbd2 Nge7 8. Nb3 Bd7 9. Bf4 Ng6 10. Bg3 Be7 11. h4 Bd8 12. h5 Nge7 13. Bh4 Nb4 14. Nfxd4 Nxd3 15. Qxd3 Nc6 16. Bxd8 Rxd8 17. Nxc6 Bxc6 18. Qg3 g6 19. c3 Qc7 20. h6 Qe7 21. Nd4 0-0 22. f4 f5 23. exf6 Rxf6 24. Rae1 Qf7 25. Nf3 Rxf4 26. Ng5 Rxf1+ 27. Rxf1 Qe7 28. Rf7 Qxf7 29. Nxf7 Kxf7 30. Qe5 1-0

[Event "Poti Aleksandria Cup 5th"]
[Site "Poti"]
[Date "2010.07.12"]
[Round "2"]
[White "Anakidze, Nino"]
[Black "Madoyan, Iolanta"]
[Result "1-0"]
[WhiteElo "1965"]
[BlackElo "1748"]
[PlyCount "53"]
[EventDate "2010.07.11"]
[EventType "swiss"]
[EventRounds "9"]
[EventCountry "GEO"]
[SourceTitle "CBM 137 Extra"]
[Source "ChessBase"]
[SourceDate "2010.09.01"]
[SourceVersion "1"]
[SourceVersionDate "2010.09.01"]
[SourceQuality "1"]

1. e4 e6 2. d4 d5 3. Nc3 Bb4 4. e5 Ne7 5. a3 Bxc3+ 6. bxc3 c5 7. a4 Nbc6 8. Nf3 cxd4 9. cxd4 0-0 10. Be2 Bd7 11. c4 dxc4 12. Bxc4 Nf5 13. 0-0 Qc7 14. Bd3 Rfe8 15. Bxf5 exf5 16. Ba3 Qd8 17. Bd6 Na5 18. Qd3 f6 19. Rfd1 Rc8 20. exf6 Qxf6 21. Be5 Qg6 22. d5 Nc4 23. Bc3 Qd6 24. Qd4 Qh6 25. Re1 Rxe1+ 26. Rxe1 b6 27. Re7 1-0

[Event "Poti Aleksandria Cup 5th"]
[Site "Poti"]
[Date "2010.07.11"]
[Round "1"]
[White "Madoyan, Iolanta"]
[Black "Arabidze, Meri"]
[Result "0-1"]
[WhiteElo "1748"]
[BlackElo "2286"]
[PlyCount "82"]
[EventDate "2010.07.11"]
[EventType "swiss"]
[EventRounds "9"]
[EventCountry "GEO"]
[SourceTitle "CBM 137 Extra"]
[Source "ChessBase"]
[SourceDate "2010.09.01"]
[SourceVersion "1"]
[SourceVersionDate "2010.09.01"]
[SourceQuality "1"]

1. e4 c5 2. Nf3 e6 3. c3 d5 4. exd5 Qxd5 5. d4 Nf6 6. c4 Qe4+ 7. Be2 cxd4 8. Qxd4 Nc6 9. Qxe4 Nxe4 10. 0-0 Bc5 11. Nbd2 Nxd2 12. Bxd2 e5 13. Bc3 f6 14. Bd3 Be6 15. b3 0-0-0 16. Rfd1 g5 17. Be4 g4 18. Bxc6 bxc6 19. Nd2 Bf5 20. b4 Rd3 21. Rac1 Rxc3 22. Rxc3 Bxb4 23. Rcc1 Ba3 24. Rc3 Bb2 25. Re3 Rd8 26. Re2 Bd3 27. Rde1 Bxe2 28. Rxe2 Bc3 29. Nf1 Rd1 30. g3 f5 31. Kg2 f4 32. gxf4 exf4 33. Re8+ Kd7 34. Rg8 f3+ 35. Kg1 h5 36. Rg5 Ra1 37. Rxh5 Rxa2 38. Rg5 Bd4 39. Ne3 a5 40. Rxg4 Bxe3 41. fxe3 Rg2+ 0-1